00726pam a2200241 a 45000010008000000030004000080050017000120080041000290100017000700200031000870400018001180500021001360820012001571000024001692450086001932600048002793000029003275040030003566500023003869060045004099420015004549990015004693804431OSt20250602173033.0850313s1985 tnua b 000 0 eng  a 85006620  a0805431136 (pbk.) :c$8.95 aDLCcDLCdDLC00aBV652b.T53 198500a2542191 aTidwell, Charles A.10aChurch administration :beffective leadership for ministry /cCharles A. Tidwell. aNashville, Tenn. :bBroadman Press,cc1985. a256 p. :bill. ;c23 cm. aBibliography: p. 251-256. 0aChurch management. a7bcbccorignewd1eocipf19gy-gencatlg 2lcccBKn0 c6164d6164